000 00769nam a2200217 a 4500
001 000002646
005 20200929150228.0
008 090703s1986 dr a 000 0 spa d
040 _aDO-SdBNP
_bspa
_cBNPHU
082 _a158
_bP259c
100 1 _aParra Núñez, Lucia
_98344
245 1 0 _a¿Cómo aprender el ser humano? :
_bbases biopsicosociales del aprendizaje /
_cLucía Parra Núñez, presentación José Andrés Sánchez.
260 _aSanto Domingo :
_bAlfa & Omega,
_c1986.
300 _a55 p. :
_bil. ;
_c21 cm.
500 _aIncluye notas al pie de las páginas.
650 4 _aPsicología del aprendizaje
_92721
650 4 _aAprendizaje
_xAspectos sociales
_98345
700 1 _aSánchez, José Andrés
_98346
830 0 _aMonográfica
_98347
049 _aBNPD
999 _c2482
_d2482